Consumer confidence survey

Bibliographic Details
Previous Title:Consumer confidence
Corporate Author: Consumer Research Center
Format: Unknown
Language:English
Published: [New York, N.Y.] : Consumer Research Center, Conference Board
Subjects:
Online Access:Acceso restringido

MARC

LEADER 00000ny a22000003n 4500
005 20110511122713.0
008 880129c1987 nyum pss s 0 a0eng d
022 |a 1046-1876 
035 |a 2948  
040 |a UCA  |d vLex 
090 |c 1651  |d 1651 
245 0 0 |a Consumer confidence survey  |h [Recurso electrn̤ico] 
256 |a Servicio en ln̕ea 
260 |a [New York, N.Y.] :  |b Consumer Research Center, Conference Board 
310 |a Mensual 
506 1 |a Contenido solo disponible en los productos indicados  |d vLex Global  |d vLex Global (Academic Edition, excluding Law Schools)  |d vLex Global (Academic Edition, Law Schools) 
650 0 4 |a Consumidores  |x Preferencias  |x Publicaciones periodicas 
710 2 |a Consumer Research Center 
740 0 |a vLex Revista (Servicios en ln̕ea) 
780 0 0 |t Consumer confidence  |x 1046-1884 
843 |a Electrn̤ica. Abierta 
853 |8 1  |i (year)  |j (month)  |k (day) 
856 4 0 |z Acceso restringido  |u http://vlex.com/account/login_ip?fuente_id=2948  
942 |c REV 
999 0 0 |a Consumer confidence  |z United States  |v Periodicals. 
999 0 0 |a Consumers' preferences  |z United States  |v Statistics  |v Periodicals. 
999 0 0 |a Consumers  |z United States  |v Statistics  |v Periodicals. 
999 0 0 |a Consumption (Economics)  |z United States  |v Statistics  |v Periodicals.